[Event "CP-2010-P-00028"]
[Site "LSS email"]
[Date "2010.09.28"]
[Round "?"]
[White "Reede, Arvo"]
[Black "Castellano, Antonio Jr"]
[Result "1-0"]
[WhiteElo "1686"]
[BlackElo "872"]
[PlyCount "25"]
[EventDate "2010.10.01"]
[EventType "tourn (corr)"]
[EventRounds "6"]
[EventCountry "GER"]
[SourceTitle "Corr 2015"]
[Source "ChessBase"]
[SourceDate "2015.07.17"]
[SourceVersion "1"]
[SourceVersionDate "2015.07.17"]
[SourceQuality "1"]

1. c4 Nf6 2. Nf3 c5 3. d4 cxd4 4. Nxd4 Nc6 5. Nc3 e6 6. e3 g6 7. Be2 Bb4 8. 0-0 0-0 9. Qc2 Bxc3 10. bxc3 Nxd4 11. cxd4 d6 12. e4 b6 13. Bg5 1-0

[Event "OP-2010-0-01225"]
[Site "LSS email"]
[Date "2010.09.12"]
[Round "?"]
[White "Castellano, Antonio Jr"]
[Black "Laureles, Raymundo"]
[Result "0-1"]
[WhiteElo "823"]
[BlackElo "1117"]
[PlyCount "40"]
[EventDate "2010.07.30"]
[EventType "tourn (corr)"]
[EventRounds "4"]
[EventCountry "GER"]
[SourceTitle "Telechess CBM 143"]
[Source "ChessBase"]
[SourceDate "2011.07.15"]
[SourceVersion "1"]
[SourceVersionDate "2011.07.15"]
[SourceQuality "1"]

1. e4 c6 2. Nf3 d5 3. exd5 cxd5 4. d4 Nc6 5. Bb5 Bf5 6. 0-0 e6 7. c3 Bd6 8. Bxc6+ bxc6 9. Nbd2 Nf6 10. Ne5 Qc7 11. Ndf3 0-0 12. Bg5 h6 13. Bh4 Nd7 14. Bg3 f6 15. Nxd7 Qxd7 16. Bxd6 Qxd6 17. Nh4 Bh7 18. Qg4 Rab8 19. b3 e5 20. Rae1 e4 0-1

[Event "SN-2010-0-00268"]
[Site "LSS email"]
[Date "2010.08.16"]
[Round "?"]
[White "Castellano, Antonio Jr"]
[Black "Lebduska, Daniel"]
[Result "0-1"]
[WhiteElo "871"]
[BlackElo "577"]
[PlyCount "48"]
[EventDate "2010.08.02"]
[EventType "tourn (corr)"]
[EventRounds "6"]
[EventCountry "GER"]
[SourceTitle "Telechess CBM 143"]
[Source "ChessBase"]
[SourceDate "2011.07.15"]
[SourceVersion "1"]
[SourceVersionDate "2011.07.15"]
[SourceQuality "1"]

1. e4 e5 2. Nf3 d6 3. d4 exd4 4. Nxd4 c5 5. Nf3 Bg4 6. h3 Bh5 7. Be2 Nf6 8. Bg5 h6 9. Bh4 Nc6 10. Nc3 Be7 11. 0-0 0-0 12. Nd5 Bxf3 13. Nxf6+ Bxf6 14. Bxf6 Bxe2 15. Qxe2 Qxf6 16. c3 Rfe8 17. Rae1 d5 18. f3 b6 19. Qd3 dxe4 20. fxe4 Rad8 21. Rxf6 Rxd3 22. Rxc6 Rd2 23. Rc7 Rxb2 24. Rxa7 Re5 0-1

[Event "SN-2010-0-00268"]
[Site "LSS email"]
[Date "2010.08.16"]
[Round "?"]
[White "Castellano, Antonio Jr"]
[Black "Venturas, Bob"]
[Result "1-0"]
[WhiteElo "823"]
[BlackElo "589"]
[PlyCount "31"]
[EventDate "2010.08.02"]
[EventType "tourn (corr)"]
[EventRounds "6"]
[EventCountry "GER"]
[SourceTitle "Corr 2015"]
[Source "ChessBase"]
[SourceDate "2015.07.17"]
[SourceVersion "1"]
[SourceVersionDate "2015.07.17"]
[SourceQuality "1"]

1. e4 e5 2. Nf3 Nc6 3. Bb5 d6 4. c3 Bd7 5. d4 exd4 6. cxd4 Nce7 7. Bxd7+ Qxd7 8. 0-0 h6 9. Nc3 Nf6 10. e5 dxe5 11. dxe5 Qxd1 12. Rxd1 Nd7 13. Bf4 Ng6 14. Bg3 Be7 15. Nd5 c6 16. Nc7+ 1-0

[Event "OP-2010-0-01234"]
[Site "LSS email"]
[Date "2010.08.16"]
[Round "?"]
[White "Cook, Paul"]
[Black "Castellano, Antonio Jr"]
[Result "1-0"]
[WhiteElo "854"]
[BlackElo "823"]
[PlyCount "51"]
[EventDate "2010.08.09"]
[EventType "tourn (corr)"]
[EventRounds "4"]
[EventCountry "GER"]
[SourceTitle "Telechess CBM 143"]
[Source "ChessBase"]
[SourceDate "2011.07.15"]
[SourceVersion "1"]
[SourceVersionDate "2011.07.15"]
[SourceQuality "1"]

1. Nf3 d6 2. d4 Nf6 3. Nc3 e6 4. e4 g6 5. Bd3 Bg7 6. 0-0 0-0 7. Bg5 e5 8. dxe5 dxe5 9. Nxe5 Nc6 10. Nf3 Re8 11. Re1 Ne5 12. Nxe5 Rxe5 13. Bxf6 Bxf6 14. Qf3 c6 15. h3 Rg5 16. Rad1 Be5 17. g3 Bxh3 18. Bc4 Qc7 19. Kh2 Bg4 20. Qxf7+ Qxf7 21. Bxf7+ Kxf7 22. Rd3 h5 23. f4 Bxf4 24. gxf4 Ra5 25. e5 Be6 26. Ne4 1-0

[Event "LSS SF-2010-0-00065"]
[Site "LSS email"]
[Date "2010.08.06"]
[Round "?"]
[White "Castellano, Antonio Jr"]
[Black "Albesa, Alfredo Ricardo"]
[Result "1-0"]
[WhiteElo "823"]
[BlackElo "876"]
[PlyCount "30"]
[EventDate "2010.06.28"]
[EventType "tourn (corr)"]
[EventRounds "6"]
[EventCountry "GER"]
[SourceTitle "Corr 2015"]
[Source "ChessBase"]
[SourceDate "2015.07.17"]
[SourceVersion "1"]
[SourceVersionDate "2015.07.17"]
[SourceQuality "1"]

1. e4 c5 2. Nf3 d6 3. d4 cxd4 4. Nxd4 Nd7 5. Bd3 Ngf6 6. Nc3 g6 7. 0-0 Bg7 8. Bg5 0-0 9. Kh1 Nc5 10. Qf3 Bd7 11. Rfe1 Nxd3 12. cxd3 Qa5 13. Bxf6 Bxf6 14. Nb3 Qg5 15. Nd5 Bxb2 1-0

[Event "OP-2010-0-01225"]
[Site "LSS email"]
[Date "2010.08.06"]
[Round "?"]
[White "Castellano, Antonio Jr"]
[Black "Reede, Arvo"]
[Result "0-1"]
[WhiteElo "927"]
[BlackElo "1352"]
[PlyCount "66"]
[EventDate "2010.07.30"]
[EventType "tourn (corr)"]
[EventRounds "4"]
[EventCountry "GER"]
[SourceTitle "Telechess CBM 143"]
[Source "ChessBase"]
[SourceDate "2011.07.15"]
[SourceVersion "1"]
[SourceVersionDate "2011.07.15"]
[SourceQuality "1"]

1. e4 c5 2. Nf3 Nc6 3. Bb5 Nd4 4. Nxd4 cxd4 5. d3 e5 6. c3 Nf6 7. Bg5 h6 8. Bh4 Be7 9. Nd2 dxc3 10. bxc3 a6 11. Ba4 0-0 12. 0-0 d6 13. h3 Qc7 14. Rc1 b5 15. Bb3 Bb7 16. Bxf6 Bxf6 17. Qg4 Rac8 18. Nf3 a5 19. Nh4 Bxh4 20. Qxh4 a4 21. Bd5 Bxd5 22. exd5 Qc5 23. c4 Qa3 24. Ra1 Qxd3 25. cxb5 Qxb5 26. Rfd1 Rc4 27. Qe7 Qc5 28. Rab1 Rc2 29. Qh4 Rxa2 30. Rbc1 Rc2 31. Ra1 a3 32. Qg3 a2 33. Qf3 Rb8 0-1

[Event "LSS SF-2010-0-00065"]
[Site "LSS email"]
[Date "2010.08.05"]
[Round "?"]
[White "Raines, David T"]
[Black "Castellano, Antonio Jr"]
[Result "1-0"]
[WhiteElo "1104"]
[BlackElo "940"]
[PlyCount "55"]
[EventDate "2010.06.28"]
[EventType "tourn (corr)"]
[EventRounds "6"]
[EventCountry "GER"]
[SourceTitle "Telechess CBM 143"]
[Source "ChessBase"]
[SourceDate "2011.07.15"]
[SourceVersion "1"]
[SourceVersionDate "2011.07.15"]
[SourceQuality "1"]

1. Nf3 d5 2. d4 e6 3. g3 Nc6 4. Bg2 Nf6 5. 0-0 Bd6 6. b3 0-0 7. Bb2 a5 8. a3 b6 9. Nbd2 Ba6 10. Re1 Ne7 11. Rc1 Ng6 12. e4 dxe4 13. Ng5 Bb7 14. Ngxe4 Nxe4 15. Nxe4 Re8 16. c4 Bxe4 17. Bxe4 Qf6 18. Bxa8 Rxa8 19. Qe2 Qg5 20. c5 bxc5 21. dxc5 Bxc5 22. Qf3 Rf8 23. Qc3 Nh4 24. Qxc5 Qxc5 25. Rxc5 Nf3+ 26. Kf1 Nxe1 27. Kxe1 Rc8 28. Be5 1-0

[Event "LSS SF-2010-0-00061"]
[Site "LSS email"]
[Date "2010.06.23"]
[Round "?"]
[White "Vontina, Maria"]
[Black "Castellano, Antonio Jr"]
[Result "1-0"]
[WhiteElo "707"]
[BlackElo "946"]
[PlyCount "85"]
[EventDate "2010.05.23"]
[EventType "tourn (corr)"]
[EventRounds "6"]
[EventCountry "GER"]
[SourceTitle "Telechess CBM 141"]
[Source "ChessBase"]
[SourceDate "2011.03.17"]
[SourceVersion "1"]
[SourceVersionDate "2011.03.17"]
[SourceQuality "1"]

1. e4 e5 2. Nf3 Nc6 3. Bb5 a6 4. Ba4 b5 5. Bb3 Nf6 6. 0-0 Bc5 7. d3 d6 8. Bg5 h6 9. Bh4 Bg4 10. h3 Bd7 11. Nbd2 g5 12. Bg3 Ke7 13. a4 b4 14. Nc4 Nh5 15. Bh2 Qg8 16. Nfxe5 Nf4 17. Nxd7 Kxd7 18. Qg4+ Ke7 19. Bxf4 gxf4 20. Qxf4 Nd4 21. Rae1 Rf8 22. Na5 Qg5 23. Qxg5+ hxg5 24. c3 Nxb3 25. Nxb3 Rfg8 26. Nxc5 dxc5 27. d4 cxd4 28. cxd4 g4 29. hxg4 Rh4 30. f3 Rgh8 31. Kf2 Rd8 32. Rd1 Ke6 33. b3 a5 34. Kg3 Rdh8 35. Kf4 R4h7 36. Rc1 Rc8 37. Rc6+ Kd7 38. d5 Rh2 39. Rfc1 Rxg2 40. R1c5 Rb2 41. Rxa5 Rxb3 42. Rb5 Ra8 43. a5 1-0

[Event "LSS SF-2010-0-00060"]
[Site "LSS email"]
[Date "2010.06.20"]
[Round "?"]
[White "Raines, David T"]
[Black "Castellano, Antonio Jr"]
[Result "1-0"]
[WhiteElo "1026"]
[BlackElo "1010"]
[PlyCount "53"]
[EventDate "2010.05.18"]
[EventType "tourn (corr)"]
[EventRounds "6"]
[EventCountry "GER"]
[SourceTitle "Telechess CBM 141"]
[Source "ChessBase"]
[SourceDate "2011.03.17"]
[SourceVersion "1"]
[SourceVersionDate "2011.03.17"]
[SourceQuality "1"]

1. Nf3 d6 2. d4 Nf6 3. c4 e6 4. Nc3 g6 5. e4 h6 6. Bf4 Bg7 7. Be2 0-0 8. Qd2 e5 9. dxe5 dxe5 10. Bxh6 Ng4 11. Bxg7 Kxg7 12. Rd1 Qxd2+ 13. Rxd2 Nc6 14. h3 Nf6 15. 0-0 Be6 16. Nd5 Rh8 17. Nxc7 Rag8 18. Nxe6+ fxe6 19. Ng5 Re8 20. Rfd1 Nd4 21. g3 Nxe2+ 22. Rxe2 Rh5 23. h4 Ng4 24. Red2 Re7 25. Rd7 Kf6 26. R1d6 Rxd7 27. Rxd7 1-0

[Event "LSS SF-2010-0-00060"]
[Site "LSS email"]
[Date "2010.06.19"]
[Round "?"]
[White "Nayegandhi, Jay"]
[Black "Castellano, Antonio Jr"]
[Result "1-0"]
[WhiteElo "1146"]
[BlackElo "823"]
[PlyCount "21"]
[EventDate "2010.05.18"]
[EventType "tourn (corr)"]
[EventRounds "6"]
[EventCountry "GER"]
[SourceTitle "Corr 2015"]
[Source "ChessBase"]
[SourceDate "2015.07.17"]
[SourceVersion "1"]
[SourceVersionDate "2015.07.17"]
[SourceQuality "1"]

1. d4 d5 2. c4 Nf6 3. cxd5 Nxd5 4. e4 Nf6 5. Nc3 e6 6. Nf3 Bb4 7. Bd3 0-0 8. 0-0 Nbd7 9. e5 Nd5 10. Bxh7+ Kh8 11. Ng5 1-0

[Event "LSS SF-2010-0-00060"]
[Site "LSS email"]
[Date "2010.06.18"]
[Round "?"]
[White "Castellano, Antonio Jr"]
[Black "Barna, Zsolt"]
[Result "0-1"]
[WhiteElo "1005"]
[BlackElo "1210"]
[PlyCount "42"]
[EventDate "2010.05.18"]
[EventType "tourn (corr)"]
[EventRounds "6"]
[EventCountry "GER"]
[SourceTitle "Telechess CBM 141"]
[Source "ChessBase"]
[SourceDate "2011.03.17"]
[SourceVersion "1"]
[SourceVersionDate "2011.03.17"]
[SourceQuality "1"]

1. e4 e5 2. Nf3 Nc6 3. Bb5 a6 4. Ba4 Nf6 5. d3 b5 6. Bb3 Be7 7. c3 d6 8. Bg5 0-0 9. Bd5 Nxd5 10. exd5 Bxg5 11. dxc6 Bf4 12. Nbd2 Qe8 13. Ne4 Bg4 14. h3 Be6 15. Nfg5 Bd5 16. Qh5 h6 17. Nf3 f5 18. Qxe8 Raxe8 19. Ng3 e4 20. dxe4 fxe4 21. Nd4 e3 0-1

[Event "LSS No Engine Cup 22 Preliminary 2"]
[Site "LSS email"]
[Date "2010.05.19"]
[Round "?"]
[White "Castellano, Antonio Jr"]
[Black "Hilton, Stephen H"]
[Result "0-1"]
[WhiteElo "1034"]
[BlackElo "1154"]
[PlyCount "60"]
[EventDate "2010.05.20"]
[EventType "tourn (corr)"]
[EventRounds "6"]
[EventCountry "GER"]
[SourceTitle "Telechess CBM 141"]
[Source "ChessBase"]
[SourceDate "2011.03.17"]
[SourceVersion "1"]
[SourceVersionDate "2011.03.17"]
[SourceQuality "1"]

1. e4 c5 2. Nf3 a6 3. c4 e6 4. d3 d5 5. cxd5 exd5 6. Be2 dxe4 7. dxe4 Qxd1+ 8. Kxd1 Nf6 9. Bc4 Be7 10. Re1 0-0 11. Re3 Nc6 12. Nc3 Bg4 13. Ke1 Nd4 14. Bd3 Rfd8 15. a4 Nxf3+ 16. gxf3 Be6 17. Bc2 Rac8 18. Nd5 Nxd5 19. exd5 Rxd5 20. Bd2 Bf6 21. Rb1 Bg5 22. Rd3 Bxd2+ 23. Rxd2 Rxd2 24. Kxd2 Rd8+ 25. Ke2 Bd5 26. Rd1 Re8+ 27. Kf1 Bxf3 28. Rd7 g6 29. h4 Bc6 30. Bb3 Bxd7 0-1

[Event "OP-2010-0-01151"]
[Site "LSS email"]
[Date "2010.05.05"]
[Round "?"]
[White "Babos, Istvan"]
[Black "Castellano, Antonio Jr"]
[Result "1-0"]
[WhiteElo "1136"]
[BlackElo "1058"]
[PlyCount "89"]
[EventDate "2010.05.01"]
[EventType "tourn (corr)"]
[EventRounds "4"]
[EventCountry "GER"]
[SourceTitle "Telechess CBM 141"]
[Source "ChessBase"]
[SourceDate "2011.03.17"]
[SourceVersion "1"]
[SourceVersionDate "2011.03.17"]
[SourceQuality "1"]

1. d4 d5 2. Nf3 Nc6 3. c4 e6 4. Nc3 Nf6 5. e3 g6 6. Be2 Bg7 7. 0-0 0-0 8. Bd2 a6 9. h3 Ne7 10. Qa4 Bd7 11. Qb3 b6 12. cxd5 Nfxd5 13. e4 Nxc3 14. bxc3 a5 15. Qc2 Re8 16. Bf4 Rc8 17. Rad1 Nc6 18. Bc4 Qe7 19. Qe2 h6 20. Ba6 Ra8 21. Bxc7 Bc8 22. Bxc8 Raxc8 23. Bxb6 a4 24. Rb1 e5 25. d5 Nb8 26. Ba5 Qa7 27. Rb5 Bf8 28. Bb6 Qa6 29. c4 Nd7 30. Ba5 Nf6 31. Bd2 Kh7 32. Re1 Nh5 33. Be3 Nf4 34. Bxf4 exf4 35. e5 Bg7 36. Qe4 Re7 37. d6 Rd7 38. Qxf4 Rf8 39. Nd4 Re8 40. c5 Qa7 41. Kh2 Qa8 42. c6 Rxd6 43. exd6 Rxe1 44. d7 Qd8 45. Qb8 1-0

[Event "OP-2010-0-01151"]
[Site "LSS email"]
[Date "2010.05.05"]
[Round "?"]
[White "Castellano, Antonio Jr"]
[Black "Zasinets, Dima"]
[Result "0-1"]
[WhiteElo "1117"]
[BlackElo "1308"]
[PlyCount "42"]
[EventDate "2010.05.01"]
[EventType "tourn (corr)"]
[EventRounds "4"]
[EventCountry "GER"]
[SourceTitle "Telechess CBM 141"]
[Source "ChessBase"]
[SourceDate "2011.03.17"]
[SourceVersion "1"]
[SourceVersionDate "2011.03.17"]
[SourceQuality "1"]

1. e4 c5 2. Nf3 d6 3. d4 cxd4 4. Nxd4 Nf6 5. Nc3 a6 6. Bd3 e5 7. Nf3 h6 8. Be3 Be6 9. 0-0 Be7 10. b3 Nbd7 11. Nh4 Ng4 12. Nf3 Nxe3 13. fxe3 Nf6 14. Qe2 0-0 15. Rad1 Qc7 16. Bc4 Rfc8 17. Nd5 Bxd5 18. exd5 b5 19. Bxb5 axb5 20. Rf2 Ne4 21. Rff1 Nc3 0-1

[Event "LSS No Engine Cup 17 Preliminary 7"]
[Site "LSS email"]
[Date "2010.02.21"]
[Round "?"]
[White "Louro, Eugenio Diogo"]
[Black "Castellano, Antonio Jr"]
[Result "1-0"]
[WhiteElo "1788"]
[BlackElo "1123"]
[PlyCount "35"]
[EventDate "2010.02.22"]
[EventType "tourn (corr)"]
[EventRounds "6"]
[EventCountry "GER"]
[SourceTitle "Telechess CBM 141"]
[Source "ChessBase"]
[SourceDate "2011.03.17"]
[SourceVersion "1"]
[SourceVersionDate "2011.03.17"]
[SourceQuality "1"]

1. e4 e5 2. Nf3 Nc6 3. Bc4 a6 4. d4 d6 5. dxe5 dxe5 6. Qxd8+ Nxd8 7. Nxe5 Ne6 8. Be3 Bd6 9. Nd3 Bd7 10. Nc3 0-0-0 11. f4 f6 12. 0-0-0 Ne7 13. Bxe6 Bxe6 14. e5 fxe5 15. fxe5 Bxe5 16. Nxe5 Nf5 17. Bf4 Nd4 18. Bg5 1-0

[Event "LSS No Engine Cup 16 Preliminary 4"]
[Site "LSS email"]
[Date "2010.02.07"]
[Round "?"]
[White "Castellano, Antonio Jr"]
[Black "Fernandez, German"]
[Result "1/2-1/2"]
[WhiteElo "1161"]
[BlackElo "1027"]
[PlyCount "58"]
[EventDate "2010.02.08"]
[EventType "tourn (corr)"]
[EventRounds "6"]
[EventCountry "GER"]
[SourceTitle "Telechess CBM 141"]
[Source "ChessBase"]
[SourceDate "2011.03.17"]
[SourceVersion "1"]
[SourceVersionDate "2011.03.17"]
[SourceQuality "1"]

1. e4 c5 2. Nf3 d6 3. c4 Nc6 4. d3 Bg4 5. Be2 e5 6. a3 Be7 7. Nbd2 Bxf3 8. Nxf3 Nf6 9. 0-0 0-0 10. Nh4 Nxe4 11. dxe4 Bxh4 12. Be3 f5 13. Bd3 f4 14. Bd2 Nd4 15. Bc3 a6 16. Bxd4 cxd4 17. Qf3 Bf6 18. b4 Rc8 19. Rac1 Qd7 20. Bb1 g5 21. Ba2 Kh8 22. h3 b6 23. Kh2 a5 24. b5 Rc5 25. Rh1 Rg8 26. g4 h5 27. Kg2 h4 28. Qd3 Rgc8 29. f3 Kg7 1/2-1/2

[Event "LSS No Engine Cup 16 Preliminary 4"]
[Site "LSS email"]
[Date "2010.02.07"]
[Round "?"]
[White "McDaniel, Jeff"]
[Black "Castellano, Antonio Jr"]
[Result "1-0"]
[WhiteElo "687"]
[BlackElo "1195"]
[PlyCount "83"]
[EventDate "2010.02.08"]
[EventType "tourn (corr)"]
[EventRounds "6"]
[EventCountry "GER"]
[SourceTitle "Corr 2013"]
[Source "ChessBase"]
[SourceDate "2012.11.12"]
[SourceVersion "1"]
[SourceVersionDate "2012.11.12"]
[SourceQuality "1"]

1. d4 d5 2. c4 c6 3. c5 Nf6 4. Nc3 g6 5. Nf3 Bg7 6. Bf4 0-0 7. e3 Re8 8. Bd3 Bg4 9. h3 Bd7 10. 0-0 Qc8 11. b4 b6 12. a4 Bf5 13. Bxf5 gxf5 14. Be5 Nbd7 15. Nh4 e6 16. Qf3 Nxe5 17. dxe5 Ne4 18. Nxe4 dxe4 19. Qf4 Qc7 20. Qg3 Qxe5 21. Qxe5 Bxe5 22. Rac1 Red8 23. Rfd1 Rd3 24. Rxd3 exd3 25. Nf3 Bb2 26. Rb1 Bc3 27. Nd4 Rd8 28. cxb6 axb6 29. Nxc6 Rd6 30. b5 Kg7 31. Kf1 d2 32. Ke2 Bb2 33. Rd1 Bc1 34. Nd4 Kf6 35. Nb3 Ba3 36. Rxd2 Rxd2+ 37. Nxd2 h5 38. Nc4 Bb4 39. Nxb6 Ba5 40. Nc4 Bd8 41. a5 Ke7 42. a6 1-0

[Event "LSS No Engine Cup Gr12 prel 05 email"]
[Site "LSS email"]
[Date "2009.12.11"]
[Round "?"]
[White "Campbell, Iain S"]
[Black "Castellano, Antonio Jr"]
[Result "1-0"]
[WhiteElo "1600"]
[BlackElo "1205"]
[PlyCount "55"]
[EventDate "2009.12.12"]
[EventType "tourn (corr)"]
[EventRounds "6"]
[EventCountry "GER"]
[SourceTitle "Telechess CBM 137"]
[Source "ChessBase"]
[SourceDate "2010.07.15"]
[SourceVersion "1"]
[SourceVersionDate "2010.07.15"]
[SourceQuality "1"]

1. c4 Nf6 2. g3 e6 3. Bg2 g6 4. Nc3 Bg7 5. e4 d6 6. Nge2 0-0 7. 0-0 c5 8. d3 Nc6 9. Bg5 h6 10. Be3 e5 11. a3 Bg4 12. h3 Be6 13. Rb1 a6 14. Qd2 Kh7 15. b4 b6 16. f4 Bd7 17. Nd5 Nxd5 18. cxd5 Nd4 19. fxe5 Bxe5 20. Nxd4 Bxd4 21. Bxd4 cxd4 22. Qb2 Ra7 23. Qxd4 Qc8 24. Qxb6 Ra8 25. Qxd6 Bxh3 26. Rbc1 Qg4 27. Rf4 Qxg3 28. Rxf7+ 1-0

[Event "LSS No Engine Cup 12 Preliminary 5"]
[Site "LSS email"]
[Date "2009.12.11"]
[Round "?"]
[White "Castellano, Antonio Jr"]
[Black "Hermansen, Rune"]
[Result "1-0"]
[WhiteElo "1219"]
[BlackElo "1356"]
[PlyCount "69"]
[EventDate "2009.12.12"]
[EventType "tourn (corr)"]
[EventRounds "6"]
[EventCountry "GER"]
[SourceTitle "Corr 2013"]
[Source "ChessBase"]
[SourceDate "2012.11.12"]
[SourceVersion "1"]
[SourceVersionDate "2012.11.12"]
[SourceQuality "1"]

1. e4 e5 2. Nf3 Nc6 3. Bb5 a6 4. Ba4 Nf6 5. d3 Be7 6. c3 b5 7. Bc2 0-0 8. 0-0 d6 9. Be3 Bb7 10. Nbd2 Nb8 11. g3 c5 12. h3 Nbd7 13. a3 d5 14. Nh4 d4 15. cxd4 exd4 16. Bg5 h6 17. Bxf6 Bxf6 18. Nf5 Ne5 19. f4 Ng6 20. Qh5 Rc8 21. Kf2 c4 22. Rac1 Qa5 23. Nf3 Rc5 24. Nxh6+ gxh6 25. Qxc5 Kg7 26. e5 Be7 27. Qxd4 Rd8 28. Qe3 cxd3 29. Bxd3 Nf8 30. Kg2 Ne6 31. Kh2 Bc5 32. Qe2 Qb6 33. Nh4 Rg8 34. Nf5+ Kf8 35. Be4 1-0

[Event "LSS No Engine Cup Gr10 prel 07 email"]
[Site "LSS email"]
[Date "2009.11.13"]
[Round "?"]
[White "Castellano, Antonio Jr"]
[Black "Jenneborg, Seved"]
[Result "0-1"]
[WhiteElo "1271"]
[BlackElo "1610"]
[PlyCount "44"]
[EventDate "2009.11.14"]
[EventType "tourn (corr)"]
[EventRounds "6"]
[EventCountry "GER"]
[SourceTitle "Telechess CBM 137"]
[Source "ChessBase"]
[SourceDate "2010.07.15"]
[SourceVersion "1"]
[SourceVersionDate "2010.07.15"]
[SourceQuality "1"]

1. e4 e5 2. Nf3 Nf6 3. Nc3 Nc6 4. d3 Bb4 5. a3 Bxc3+ 6. bxc3 0-0 7. Bg5 h6 8. Bh4 g5 9. Bg3 Qe7 10. Be2 d5 11. Qc1 dxe4 12. dxe4 Nxe4 13. h4 Nxc3 14. hxg5 Nxe2 15. Kxe2 e4 16. Nh4 Nd4+ 17. Kf1 hxg5 18. Qb2 Qc5 19. Nf5 Bxf5 20. Rd1 Qc4+ 21. Kg1 Ne2+ 22. Kh2 Qe6 0-1

[Event "LSS No Engine Cup Gr10 prel 07 email"]
[Site "LSS email"]
[Date "2009.11.13"]
[Round "?"]
[White "Grabowski, Benedykt"]
[Black "Castellano, Antonio Jr"]
[Result "1-0"]
[WhiteElo "1946"]
[BlackElo "1262"]
[PlyCount "35"]
[EventDate "2009.11.14"]
[EventType "tourn (corr)"]
[EventRounds "6"]
[EventCountry "GER"]
[SourceTitle "Telechess CBM 137"]
[Source "ChessBase"]
[SourceDate "2010.07.15"]
[SourceVersion "1"]
[SourceVersionDate "2010.07.15"]
[SourceQuality "1"]

1. d4 d5 2. c4 Nf6 3. Nc3 c6 4. Nf3 e6 5. Bg5 Nbd7 6. cxd5 cxd5 7. e3 Bb4 8. Bd3 0-0 9. Rc1 a6 10. Qb3 Bd6 11. e4 dxe4 12. Nxe4 Qa5+ 13. Bd2 Qd8 14. Nxd6 b5 15. 0-0 Qb6 16. Bb4 Rd8 17. Ng5 g6 18. Ngxf7 1-0

[Event "LSS No Engine Cup Gr02 prel 06 email"]
[Site "LSS email"]
[Date "2009.07.02"]
[Round "?"]
[White "Castellano, Antonio Jr"]
[Black "De Paus, Pieter"]
[Result "0-1"]
[WhiteElo "1297"]
[BlackElo "1603"]
[PlyCount "40"]
[EventDate "2009.07.03"]
[EventType "tourn (corr)"]
[EventRounds "6"]
[EventCountry "GER"]
[SourceTitle "Telechess CBM 135"]
[Source "ChessBase"]
[SourceDate "2010.03.17"]
[SourceVersion "1"]
[SourceVersionDate "2010.03.17"]
[SourceQuality "1"]

1. e4 c5 2. Nf3 d6 3. d4 cxd4 4. Nxd4 Nf6 5. Nc3 a6 6. Bg5 e6 7. Qd2 Be7 8. f4 h6 9. Bh4 Nxe4 10. Nxe4 Bxh4+ 11. g3 Be7 12. Bd3 Qb6 13. Nb3 Bd7 14. 0-0-0 d5 15. Nf2 Nc6 16. Ng4 a5 17. Qe2 a4 18. Na1 a3 19. b3 Qd4 20. c3 Qxc3+ 0-1

[Event "LSS SD-2009-0-00030"]
[Site "LSS email"]
[Date "2009.05.20"]
[Round "?"]
[White "Castellano, Antonio Jr"]
[Black "Hanson, Andrew"]
[Result "0-1"]
[WhiteElo "1263"]
[BlackElo "1502"]
[PlyCount "64"]
[EventDate "2009.03.08"]
[EventType "tourn (corr)"]
[EventRounds "6"]
[EventCountry "GER"]
[SourceTitle "Telechess CBM 137"]
[Source "ChessBase"]
[SourceDate "2010.07.15"]
[SourceVersion "1"]
[SourceVersionDate "2010.07.15"]
[SourceQuality "1"]

1. e4 c6 2. Nf3 d5 3. e5 Bf5 4. d4 e6 5. Be2 Ne7 6. Bg5 Qb6 7. b3 Nd7 8. c3 c5 9. Nbd2 cxd4 10. cxd4 Nc6 11. Nf1 Bb4+ 12. Bd2 Nxd4 13. Ne3 Nxf3+ 14. Bxf3 Bd3 15. a3 Bxd2+ 16. Qxd2 Nxe5 17. Bd1 Bg6 18. 0-0 0-0 19. b4 Rac8 20. Re1 Nc4 21. Nxc4 Rxc4 22. Bb3 Rc7 23. Rac1 Rfc8 24. a4 Rxc1 25. Rxc1 Rxc1+ 26. Qxc1 h6 27. Qd2 a5 28. b5 Qc5 29. Kf1 b6 30. Bd1 Kf8 31. g4 f6 32. h4 Ke7 0-1